Foreign policy of Pakistan: (Record no. 21840)

MARC details
000 -LEADER
fixed length control field 00999cam a22002771 4500
001 - CONTROL NUMBER
control field 7520733
003 - CONTROL NUMBER IDENTIFIER
control field BDDh-ASL
005 - DATE AND TIME OF LATEST TRANSACTION
control field 20231015030041.0
008 - FIXED-LENGTH DATA ELEMENTS--GENERAL INFORMATION
fixed length control field 770525s1964 pk b 001 0 eng
010 ## - LIBRARY OF CONGRESS CONTROL NUMBER
LC control number sa 65000039
035 ## - SYSTEM CONTROL NUMBER
System control number (OCoLC)2994378
040 ## - CATALOGING SOURCE
Original cataloging agency DLC
Transcribing agency InLP
Modifying agency DLC
-- BDDh-ASL
042 ## - AUTHENTICATION CODE
Authentication code premarc
050 00 - LIBRARY OF CONGRESS CALL NUMBER
Classification number JX1571.5.P3
Item number K3
082 ## - DEWEY DECIMAL CLASSIFICATION NUMBER
Classification number 327.547
Item number SHF
110 2# - MAIN ENTRY--CORPORATE NAME
Corporate name or jurisdiction name as entry element University of Karachi.
Subordinate unit Department of International Relations.
245 10 - TITLE STATEMENT
Title Foreign policy of Pakistan:
Remainder of title an analysis /
Statement of responsibility, etc. [by] Latif Ahmed Sherwani [and others]
260 ## - PUBLICATION, DISTRIBUTION, ETC.
Place of publication, distribution, etc. Karachi:
Name of publisher, distributor, etc. Allies Book Corp.,
Date of publication, distribution, etc. 1964.
300 ## - PHYSICAL DESCRIPTION
Extent 110 p.
Dimensions 22 cm.
500 ## - GENERAL NOTE
General note "Revised version of contributions to a symposium conducted by the Department of International Relations of the University of Karachi in March 1962."
504 ## - BIBLIOGRAPHY, ETC. NOTE
Bibliography, etc. note Bibliography: p. [103]-106.
651 #0 - SUBJECT ADDED ENTRY--GEOGRAPHIC NAME
Geographic name Pakistan
General subdivision Foreign relations.
700 1# - ADDED ENTRY--PERSONAL NAME
Personal name Sherwani, Latif Ahmed.
906 ## - LOCAL DATA ELEMENT F, LDF (RLIN)
a 7
b cbc
c oclcrpl
d u
e ncip
f 19
g y-gencatlg
942 ## - ADDED ENTRY ELEMENTS (KOHA)
Source of classification or shelving scheme Dewey Decimal Classification
Koha item type Books
Holdings
Withdrawn status Lost status Source of classification or shelving scheme Damaged status Not for loan Collection code Home library Current library Shelving location Date acquired Source of acquisition Total Checkouts Full call number Barcode Date last seen Copy number Price effective from Koha item type
    Dewey Decimal Classification     Non-fiction Asiatic Society Library Asiatic Society Library General Stacks 02/15/2021 ASB Collection   327.547 SHF 105823 02/15/2021 C-1 02/15/2021 Books
    Dewey Decimal Classification     Non-fiction Asiatic Society Library Asiatic Society Library General Stacks 02/15/2021 ASB Collection   327.547 SHF 105824 02/15/2021 C-2 02/15/2021 Books

Powered by Koha